Gibran mozhikal/ (Record no. 15964)

000 -LEADER
fixed length control field 00341nam a22001451a 4500
082 ## - DEWEY DECIMAL CLASSIFICATION NUMBER
Classification number M8
Item number KHA/G
100 ## - MAIN ENTRY--AUTHOR NAME
Personal name Khalil Gibran
245 ## - TITLE STATEMENT
Title Gibran mozhikal/
Statement of responsibility, etc by Khalil Gibran
260 ## - PUBLICATION, DISTRIBUTION, ETC. (IMPRINT)
Place of publication Kozhikode:
Name of publisher Mulberry,
Year of publication 2002.
300 ## - PHYSICAL DESCRIPTION
Number of Pages 66p.
650 ## - SUBJECT ADDED ENTRY--TOPICAL TERM
Topical Term Gibran Words
650 ## - SUBJECT ADDED ENTRY--TOPICAL TERM
Topical Term Literature Malayalam
650 ## - SUBJECT ADDED ENTRY--TOPICAL TERM
Topical Term Literature
942 ## - ADDED ENTRY ELEMENTS (KOHA)
Koha item type Book
Holdings
Withdrawn status Lost status Damaged status Not for loan Permanent Location Current Location Shelving location Date acquired Cost, normal purchase price Full call number Accession Number Cost, replacement price Price effective from Koha item type
Write off     1 Sree Sankaracharya University of Sanskrit Sree Sankaracharya University of Sanskrit Stacks 08.01.2015 35.00 M8 KHA/G 043794 0.00 08.01.2015 Book